Personnages de fiction par couleur de cheveux - Bleu - Statistiques

Statistiques générales
  • Ce quiz a été pris 95 fois
  • Le résultat moyen est 7 sur 20
Statistiques - réponses
Par images Réponse % Correct
Marge Simpson
98%
Joie
94%
Marinette Dupain-Cheng
72%
James
70%
Coraline
59%
Bulma
57%
Powder
45%
Musa
33%
Nagisa Shiota
31%
Rem
28%
Evie
18%
Sailor Mercure
16%
Emily
14%
Chloe Price
13%
Emma
7%
Poseidon
6%
Seymour Guado
6%
Saix
5%
Maya
4%
Stevo
2%
Aucun quiz correspondant
Distribution des résultats
% des personnes avec chaque résultat
Percentile par nombre de réponses
Votre historique - résultats
Vous n’avez pas pris ce quiz